Biblioteca

Pautas pastorales, a partir de una teoría del mal basada en Job 1 y 2, para ministrar a personas víctimas del desplazamiento forzado en Puerto Libertador (Registro nro. 69272)

Detalles MARC
000 -LÍDER
Campo fijo de descripción fija 02243nam a22003257i 4500
001 - NÚMERO DE CONTROL
Campo de control 768714001
003 - IDENTIFICADOR DEL NÚMERO DE CONTROL
Campo de control CO-MdFUSB
005 - FECHA Y HORA DE LA ULTIMA TRANSACCIÓN
control field 20260224220140.0
007 - CAMPO FIJO DE DESCRIPCIÓN FIJA--INFORMACIÓN GENERAL
Campo fijo de descripción fija cr aa aaaaa
008 - ELEMENTOS DE LONGITUD FIJA -- INFORMACIÓN GENERAL
Campo fijo de descripción fija -- Información general 180403s2022 ck ||||| |||| 00| 0 spa dd
040 ## - FUENTE DE CATALOGACIÓN
Agencia de catalogación original CO-MdFUSB
Idioma de catalogación Español
Agencia que realiza la transcripción CO-MdFUSB
Agencia que realiza la modificación CO-MdFUSB
041 ## - CÓDIGO DE IDIOMA
Código de idioma para texto/pista de sonido o título separado spa
043 ## - CÓDIGO DE ÁREA GEOGRÁFICA
Código de área geográfica ck
100 ## - ASIENTO PRINCIPAL--NOMBRE PERSONAL
Nombre personal Espitia Díaz, Deinis José,
Término relacionador autor
245 ## - TÍTULO
Título del Material Pautas pastorales, a partir de una teoría del mal basada en Job 1 y 2, para ministrar a personas víctimas del desplazamiento forzado en Puerto Libertador
Mención de responsabilidad, etc. / Deinis José Espitia Díaz ; asesorado por Fernando A. Mosquera Brand
Medio físico [electrónico]
264 #1 - PRODUCTION, PUBLICATION, DISTRIBUTION, MANUFACTURE, AND COPYRIGHT NOTICE
Lugar de procducción, publication, distribution, manufacture Medellín, Colombia :
Nombre del productor, publicador, distribuidor y manofactura FUSBC,
Fecha de producción, distribución, manufactura, o nota de copyright 2023
300 ## - DESCRIPCIÓN FÍSICA
Extensión Recurso electrónico
336 ## - TIPO DE CONTENIDO
Fuente rdacontent
Tipo de contenido texto
Content type code txt
337 ## - TIPO DE MEDIO
Fuente rdamedia
Tipo de medio informático
Código c
338 ## - TIPO DE SOPORTE
Fuente rdacarrier
rdacarrier remoto
Código cr
502 ## - NOTA DE TESIS
Nota de Tesis Trabajo de grado
Tipo de estudio (Teología) --
Nombre de la Institución del grado Fundación Universitaria Seminario Bíblico de Colombia,
Año de graduación 2023
504 ## - NOTA DE BIBLIOGRAFÍA, ETC.
Nota de bibliografía, etc Bibliografía (página 107)
505 ## - NOTA DE CONTENIDO
Nota de contenido con formato preestablecido Una mirada al problema del mal. -- Una mirada exegética al problema del mal en el libro Job capítulos 1-2. -- El problema del mal y sus diferentes rostros. -- El desplazamiento forzoso en Colombia, sus secuelas y el duelo que este genera en la<br/>persona desplazada. -- Reflexiones y pautas pastorales para acompañar a las personas que sufren por causa del<br/>desplazamiento forzoso.
520 ## - NOTA DE RESUMEN, ETC.
Nota de sumario, etc. El propósito de esta investigación es brindarles a los pastores y líderes una propuesta de acompañamiento integral y pertinente que ayude al florecimiento de las familias cristianas contemporáneas que se enfrentan a la pérdida y el dolor que causa el desplazamiento forzoso. Al seguir los principios fundamentales del trabajo pastoral con desplazados y utilizar herramientas y estrategias efectivas, los pastores y líderes pueden marcar una diferencia positiva en la vida de las personas y contribuir al fortalecimiento de las comunidades afectadas por la crisis del desplazamiento forzoso.
630 07 - ASIENTO SECUNDARIO DE MATERIA - TITULO UNIFORME
Título uniforme Biblia.
Nombre de parte o sección de la obra Job
Subdivisión general Crítica, interpretación, etc.
653 ## - TERMINO DE INDIZACION - NO CONTROLADO
Término de indización no controlado Desplazamiento
700 ## - ASIENTO SECUNDARIO - NOMBRE PERSONAL
Nombre personal Mosquera Brand, Fernando Abilio,
Responsabilidad asesor
9 (RLIN) 850
856 ## - LOCALIZACIÓN Y ACCESO ELECTRÓNICOS
Nombre del sitio REPCI
Identificador Uniforme del Recurso https://repositorio.repci.co/handle/123456789/749
942 ## - TIPO DE MATERIAL (KOHA)
Tipo de Item KOHA Trabajos de Grado
Existencias
Estado de Retirado Estado de Perdido Forma de Clasificación Estado de Dañado No para Préstamo Colección Biblioteca de Origen Biblioteca Permanente Ubicación en Estantería Fecha de Adquisición Total de Préstamos Signatura Topográfica Última vez visto Url Fecha de Remplazo Tipo de Material Nota Pública
    Dewey Decimal Classification     Trabajos de grado Biblioteca FUSBC Biblioteca FUSBC Recurso en linea 27/01/2024   REPCI 27/01/2024 https://repositorio.repci.co/handle/123456789/749 27/01/2024 Trabajos de Grado RECURSO EN REPCI- Seguir el link de acceso

Biblioteca FUSBC | Teléfono: (57+4) 349 88 10 Ext. 141| WhatsApp (+57) 3005338115 
E-mail: biblioteca@unisbc.edu.co | Calle 76 87-14 Robledo Palenque, Medellín, Colombia

Con tecnología Koha